MARC

LEADER 00000nam0a2200000 4500
001 107507
005 20231031115316.0
035 |a (RuTPU)RU\TPU\book\116066 
090 |a 107507 
100 |a 20061225d1976 m y0rusy50 ca 
101 0 |a rus 
102 |a RU 
105 |a a z 001zy 
200 1 |a Технология и техника заправки воздушных судов  |f А. А. Литвинов, А. М. Ипатов, Ф. К. Хасанов 
210 |a Москва  |c Машиностроение  |d 1976 
215 |a 176 с.  |c ил. 
320 |a Библиогр.: с. 175. 
610 1 |a самолеты 
610 1 |a заправка 
610 1 |a аэропорты 
610 1 |a горюче-смазочные материалы 
610 1 |a воздушные суда 
675 |a 629.73.07  |v 3 
675 |a 656.71.065.3/4  |v 3 
700 1 |a Литвинов  |b А. А.  |g Алексей Алексеевич 
701 1 |a Ипатов  |b А. М.  |g Анатолий Михайлович 
701 1 |a Хасанов  |b Ф. К.  |g Фатхи Кабирович 
801 1 |a RU  |b 63413507  |c 20061225  |g PSBO 
801 2 |a RU  |b 63413507  |c 20070319  |g PSBO 
942 |c BK